Statistics for Ticket to Ride Europe - All destination tickets

Click here to take the quiz!

General Stats

  • This quiz has been taken 12 times
  • The average score is 27 of 46

Answer Stats

PointsTicket% Correct
20Brest - Petrograd
100%
12Amsterdam - Wilno
86%
12Berlin - Moskva
86%
21Cadiz - Stockholm
86%
21Edinburgh - Athina
86%
7Edinburgh - Paris
86%
13Frankfurt - Smolensk
86%
21Kobenhavn - Erzurum
86%
20Lisboa - Danzig
86%
8Madrid - Dieppe
86%
8Palermo - Constantinople
86%
20Palermo - Moskva
86%
11Athina - Wilno
71%
10Riga - Bucuresti
71%
8Sarajevo - Sevastopol
71%
5Sofia - Smyrna
71%
11Stockholm - Wien
71%
6Warszawa - Smolensk
71%
6Zagrab - Brindisi
71%
8Barcelona - Bruxelles
57%
9Berlin - Roma
57%
7Brest - Marseille
57%
10Essen - Kyiv
57%
5Frankfurt - Kobenhavn
57%
8Kyiv - Sochi
57%
10London - Wien
57%
5Rostov - Erzurum
57%
10Venezia - Constantinople
57%
7Amsterdam - Pamplona
43%
10Angora - Kharkov
43%
5Athina - Angora
43%
8Barcelona - Munchen
43%
5Budapest - Sofia
43%
6Kyiv - Petrograd
43%
7London - Berlin
43%
8Madrid - Zurich
43%
8Paris - Wien
43%
8Roma - Smyrna
43%
6Zurich - Brindisi
43%
8Berlin - Bucuresti
29%
8
Brest - Venezia
29%
9Bruxelles - Danzig
29%
8Smolensk - Rostov
29%
8Marseille - Essen
14%
7Paris - Zagrab
14%
6Zurich - Budapest
14%

Score Distribution

Percentile by Number Answered

Percent of People with Each Score

Your Score History

You have not taken this quiz